Josef Roob wurde 90

Podrobná bibliografia
Hlavný autor: Tischler, Paul (Author)
Médium: Článok
Jazyk:German
Témy:
Zdroj: 1. Karpatenblatt 1. 1336-0736 1. Roč. 18, č. 4 (2009), s. 11
LEADER 00781nab#a2200325#ar4500
001 000098621
003 SVKKK
005 20091124143635.0
008 080509c2009 xo |||||||||||||||b|ger
FMT
015 |a SNBRB2009/11 
038 |a SVKKK 
040 |a SVKKK  |b slo  |e AACR2 
041 0 |a ger 
044 |a xo  |c SK 
080 |a 929 Josef Roob  |2 1997 
080 |a 323.15=112.2(437.6)  |2 1997 
100 1 |a Tischler, Paul  |4 aut 
242 1 0 |a Josef Roob deväťdesiatročný 
245 1 0 |a Josef Roob wurde 90  |c Paul Tischler 
300 |b Obr. 
600 1 4 |a Roob, Josef  |d 1919-  |x spisovateľ 
773 0 |t Karpatenblatt  |x 1336-0736  |g Roč. 18, č. 4 (2009), s. 11 
958 |a BC 
974 |a Ni 
992 |a RBX 
BAS
852 |a SVKKK  |b BIB 
EXP
998 |a REG